[Event "4NCL Division Two"]
[Site "Daventry, ENG"]
[Date "2024.05.05"]
[EventDate "2024.05.05"]
[Round "10.56"]
[White "Starley, Robert"]
[WhiteElo "2024"]
[WhiteTeam "Cambridge University 1"]
[Black "Granat, Russell G"]
[BlackElo "2160"]
[BlackTeam "Sussex Martlets 1"]
[Result "0-1"]

1. e4 Nc6 2. d4 d5 3. e5 Bf5 4. h4 h5 5. Bg5 Qd7 6. Nf3 e6 7. c3 a6 8. Bd3 Nge7 9. Na3 Bxd3 10. Qxd3 Nf5 11. Nc2 Be7 12. Ne3 Nxe3 13. fxe3 O-O-O 14. Bxe7 Nxe7 15. O-O-O Nf5 16. Nd2 Qe7 17. e4 Nxh4 18. exd5 Rxd5 19. Ne4 Rdd8 20. Nc5 Nf5 21. Qf3 Qg5+ 22. Kb1 Rd5 23. Nxb7 Kxb7 24. c4 Ne3 25. Rc1 Nxc4 26. Rxc4 Qf5+ 27. Qxf5 exf5 28. Rhc1 Rc8 29. Rb4+ Rb5 30. Rxb5+ axb5 31. d5 Re8 32. d6 c6 33. Rd1 Rh8 34. Kc2 Kc8 35. Kd3 Kd7 36. Kd4 h4 37. Kc5 Re8 38. Re1 f4 39. Kb6 g5 40. b3 b4 41. Kc5 Rb8 42. Kd4 Rb5 43. Ke4 Ke6 44. Kf3 Rd5 45. Kg4 f6 46. exf6+ Kxf6 47. Rc1 c5 48. Rc2 Ke6 49. a3 bxa3 50. Ra2 Rd3 51. Kxg5 Rxb3 52. Kxf4 Kxd6 53. Kg4 Rb4+ 54. Kf3 Rc4 55. Ke3 Kd5 56. Kd3 Rg4 57. Rf2 a2 58. Rf5+ Kc6 59. Rf6+ Kb5 60. Rf1 Rxg2 61. Kc3 h3 62. Kb3 h2 63. Rh1 a1=Q 64. Rxa1 Rg1 0-1

[Event "4NCL Division Two"]
[Site "Daventry, ENG"]
[Date "2024.05.05"]
[EventDate "2024.05.05"]
[Round "10.57"]
[White "Blake, J Morgan"]
[WhiteElo "2103"]
[WhiteTeam "Sussex Martlets 1"]
[Black "Alldritt, Nigel R E"]
[BlackElo "1977"]
[BlackTeam "Cambridge University 1"]
[Result "1/2-1/2"]

1. d4 Nf6 2. Nf3 g6 3. Nbd2 d5 4. e3 Bg7 5. c4 c6 6. b4 O-O 7. a4 Nfd7 8. Qb3 e5 9. Nxe5 Nxe5 10. dxe5 Bxe5 11. Bb2 Qf6 12. Bxe5 Qxe5 13. Rc1 Be6 14. Nf3 Qf6 15. Be2 Nd7 16. O-O dxc4 17. Bxc4 Bxc4 18. Rxc4 Ne5 19. Rf4 Nxf3+ 20. Rxf3 Qe7 21. Rd1 Rad8 22. Rxd8 Rxd8 23. h4 Rd5 24. Rf4 Qd7 25. Qc4 Qe6 26. Rd4 Rxd4 27. Qxd4 Qb3 28. a5 Qb1+ 29. Kh2 Qf5 30. Kg3 a6 31. e4 Qe6 32. f3 Qe7 33. Kh3 h5 34. Kg3 Qe6 35. Qd8+ Kg7 36. Qc7 Qf6 37. Kh3 Qe6+ 38. Kh2 Qf6 39. Kg3 Qa1 40. Qe7 Qe1+ 41. Kh2 Qc3 42. e5 Qe3 43. Qf6+ Kg8 44. Kh3 Qe1 45. Qd8+ Kg7 46. Qd4 Qh1+ 47. Kg3 Qe1+ 48. Kh2 Kg8 49. Qd8+ Kg7 50. Qf6+ Kg8 51. Qf4 Kg7 52. Qf6+ Kg8 53. Qe7 Qe3 54. Kh3 Qe1 55. Qd8+ Kg7 56. Qf6+ Kg8 57. Qd8+ Kg7 58. Qd4 Kg8 59. Qd8+ 1/2-1/2

[Event "4NCL Division Two"]
[Site "Daventry, ENG"]
[Date "2024.05.05"]
[EventDate "2024.05.05"]
[Round "10.58"]
[White "Goh, Jinghan Cameron"]
[WhiteElo "1972"]
[WhiteTeam "Cambridge University 1"]
[Black "Graham, Cassie M"]
[BlackElo "2014"]
[BlackTeam "Sussex Martlets 1"]
[Result "1-0"]

1. d4 Nf6 2. c4 g6 3. g3 Bg7 4. Bg2 d5 5. cxd5 Nxd5 6. e4 Nb6 7. Ne2 O-O 8. O-O c6 9. Nbc3 N8d7 10. f4 Nf6 11. h3 Bd7 12. b3 Qc8 13. Kh2 Rd8 14. Ba3 Bf8 15. Rc1 Nh5 16. g4 Ng7 17. Qe1 Qb8 18. Qh4 f6 19. e5 Be6 20. Ne4 Nd5 21. Qg3 Kh8 22. Bb2 f5 23. Nc5 Bg8 24. a3 Nc7 25. Rfd1 Nce6 26. d5 Nxc5 27. Rxc5 cxd5 28. e6 Qd6 29. Rcxd5 Qb6 30. gxf5 Rxd5 31. Rxd5 Rc8 32. Be4 gxf5 33. Rxf5 Qxe6 34. Rxf8 1-0

[Event "4NCL Division Two"]
[Site "Daventry, ENG"]
[Date "2024.05.05"]
[EventDate "2024.05.05"]
[Round "10.61"]
[White "Pitcher, John"]
[WhiteElo "2298"]
[WhiteTeam "Warwickshire Select 1"]
[Black "Taylor, Adam A"]
[BlackElo "2272"]
[BlackTeam "SchachAttack"]
[Result "1/2-1/2"]

1. e4 c5 2. Nc3 e6 3. f4 a6 4. Nf3 Nc6 5. g3 d5 6. d3 d4 7. Ne2 f5 8. Bg2 Nf6 9. O-O Be7 10. Ne1 Qc7 11. c3 dxc3 12. Nxc3 O-O 13. e5 Nd7 14. Be3 Rd8 15. Rc1 Nb6 16. Qe2 Nb4 17. Kh1 Bd7 18. a3 N4d5 19. Nxd5 Nxd5 20. Bg1 Rac8 21. Nf3 b6 22. b4 Ba4 23. bxc5 bxc5 24. Nd2 Qd7 25. Nc4 h6 26. Qd2 Rb8 27. Rb1 Rb5 28. Rfc1 Rc8 29. Rb2 Kh7 30. Rcb1 Rcb8 31. h4 1/2-1/2

[Event "4NCL Division Two"]
[Site "Daventry, ENG"]
[Date "2024.05.05"]
[EventDate "2024.05.05"]
[Round "10.62"]
[White "Waller, Dan"]
[WhiteElo "2094"]
[WhiteTeam "SchachAttack"]
[Black "Bowcott-Terry, Finlay"]
[BlackElo "2313"]
[BlackTeam "Warwickshire Select 1"]
[Result "0-1"]

1. e4 c6 2. d4 d5 3. e5 c5 4. dxc5 e6 5. a3 Bxc5 6. b4 Be7 7. Nf3 a5 8. b5 a4 9. c4 dxc4 10. Qxd8+ Bxd8 11. Bxc4 Ne7 12. Nbd2 O-O 13. O-O b6 14. Be2 Bb7 15. Nc4 Nd7 16. Bd2 Ng6 17. Bb4 Be7 18. Bxe7 Nxe7 19. Rac1 Bd5 20. Nd6 Ng6 21. Nd4 Nf4 22. Bf3 Bxf3 23. gxf3 Nxe5 24. Nc4 Nxc4 25. Rxc4 Rfd8 26. Re1 g5 27. h4 h6 28. Re4 Rd5 29. Nc6 Rxb5 30. Rxa4 Rb1+ 31. Kh2 Rxa4 32. Rxa4 Rf1 33. Ne5 Rxf2+ 34. Kg1 Re2 35. Ng4 Kg7 36. hxg5 hxg5 37. Rb4 f5 38. Nh2 Rg2+ 39. Kh1 Ra2 40. Nf1 Rxa3 41. Rxb6 Rxf3 42. Kg1 g4 0-1

[Event "4NCL Division Two"]
[Site "Daventry, ENG"]
[Date "2024.05.05"]
[EventDate "2024.05.05"]
[Round "10.63"]
[White "Shearsby, Jude"]
[WhiteElo "2199"]
[WhiteTeam "Warwickshire Select 1"]
[Black "Skettos, Nicolas"]
[BlackElo "2073"]
[BlackTeam "SchachAttack"]
[Result "1-0"]

1. e4 e6 2. d4 d5 3. Nc3 Nf6 4. e5 Nfd7 5. f4 c5 6. Nf3 Be7 7. Be3 b6 8. Be2 a5 9. O-O Ba6 10. f5 Nc6 11. Bxa6 Rxa6 12. Qe2 Ra8 13. Rad1 cxd4 14. Nxd4 Nxd4 15. Bxd4 Qc7 16. fxe6 fxe6 17. Qg4 Nf8 18. Qxg7 Ng6 19. Qf7+ Kd7 20. Nxd5 exd5 21. Qxd5+ Kc8 22. Qxa8+ Qb8 23. Qxb8+ Kxb8 24. Bxb6 Rc8 25. c3 a4 26. Bd4 Kb7 27. Rf7 h5 28. Rg7 Rc6 29. Rf1 Kc7 30. Rf6 1-0

[Event "4NCL Division Two"]
[Site "Daventry, ENG"]
[Date "2024.05.05"]
[EventDate "2024.05.05"]
[Round "10.64"]
[White "Nicholas, Koichi B"]
[WhiteElo "2145"]
[WhiteTeam "SchachAttack"]
[Black "Valdepenas Octavio, Javier"]
[BlackElo "2247"]
[BlackTeam "Warwickshire Select 1"]
[Result "0-1"]

1. e4 e5 2. Nf3 Nc6 3. Bb5 a6 4. Bxc6 dxc6 5. O-O f6 6. d4 exd4 7. Nxd4 c5 8. Ne2 Qxd1 9. Rxd1 Bd7 10. Be3 O-O-O 11. Nbc3 Bd6 12. a4 Ne7 13. Nf4 Nc6 14. Ncd5 Rhe8 15. Nb6+ cxb6 16. Rxd6 Rxe4 17. Nd5 Be6 18. Nxb6+ Kc7 19. Rxd8 Nxd8 20. Bxc5 Re2 21. Rc1 Bf5 22. Nd5+ Kc6 23. Ne7+ Kxc5 24. Nxf5 Ne6 25. Kf1 Re5 26. Re1 Kb4 27. Rxe5 fxe5 28. Ke2 Kxa4 29. Ke3 g6 30. Nd6 Nd4 31. Kd3 b5 32. Nf7 Nc6 33. Ng5 h5 34. Nf7 Kb4 35. Ke4 Kc4 36. Nh8 a5 37. Nxg6 a4 38. Nh4 Nd4 39. Kxe5 b4 40. b3+ Nxb3 41. cxb3+ axb3 42. f4 b2 43. Nf3 Kc3 44. f5 b1=Q 45. f6 Qg6 0-1

[Event "4NCL Division Two"]
[Site "Daventry, ENG"]
[Date "2024.05.05"]
[EventDate "2024.05.05"]
[Round "10.65"]
[White "Fallowfield, Jeremy R"]
[WhiteElo "2193"]
[WhiteTeam "Warwickshire Select 1"]
[Black "Wilks, Simon"]
[BlackElo "2060"]
[BlackTeam "SchachAttack"]
[Result "1-0"]

1. e4 e6 2. d4 d5 3. e5 c5 4. c3 Nc6 5. Nf3 Bd7 6. Be2 Nge7 7. Na3 cxd4 8. cxd4 Nf5 9. Nc2 Qb6 10. O-O Rc8 11. Bd3 Nb4 12. Nxb4 Bxb4 13. Bxf5 exf5 14. Bd2 O-O 15. a3 Be7 16. Bc3 Rfd8 17. Qd2 Qb3 18. Rfc1 h6 19. h4 Rc4 20. Qf4 Qb6 21. Nd2 Rc6 22. Nf1 g5 23. Qd2 Rdc8 24. Ne3 Be6 25. Qd3 f4 26. Nf5 Bf8 27. hxg5 hxg5 28. g4 Qd8 29. Kg2 Qd7 30. Rh1 f6 31. Nh6+ Kg7 32. Nf5+ Kg8 33. Qh3 Bg7 34. Qh7+ Kf8 35. Bb4+ 1-0

[Event "4NCL Division Two"]
[Site "Daventry, ENG"]
[Date "2024.05.05"]
[EventDate "2024.05.05"]
[Round "10.66"]
[White "Handley, Michael R"]
[WhiteElo "2106"]
[WhiteTeam "SchachAttack"]
[Black "Shephard, Chris C W"]
[BlackElo "2155"]
[BlackTeam "Warwickshire Select 1"]
[Result "1/2-1/2"]

1. d4 Nf6 2. c4 c5 3. d5 e5 4. Nc3 d6 5. e4 g6 6. h3 Bg7 7. Be3 a6 8. Bd3 Nbd7 9. Qd2 Qe7 10. Nge2 h5 11. Ng1 Rb8 12. a4 b6 13. Nf3 Nh7 14. g4 Ndf6 15. g5 Nd7 16. Kd1 O-O 17. Kc2 Rd8 18. Bf1 Ndf8 19. h4 Bd7 20. Bh3 Be8 21. Qe2 Rb7 22. Nd2 Rdb8 23. Ra3 Bd7 24. Bxd7 Qxd7 25. Nf3 1/2-1/2

[Event "4NCL Division Two"]
[Site "Daventry, ENG"]
[Date "2024.05.05"]
[EventDate "2024.05.05"]
[Round "10.67"]
[White "Pal, Rohan"]
[WhiteElo "2182"]
[WhiteTeam "Warwickshire Select 1"]
[Black "Shepherd, Tom"]
[BlackElo "2088"]
[BlackTeam "SchachAttack"]
[Result "1/2-1/2"]

1. e4 e5 2. Bc4 Nf6 3. d3 c6 4. Nf3 d5 5. Bb3 a5 6. a4 Bb4+ 7. c3 Bd6 8. Bg5 Be6 9. d4 Nbd7 10. dxe5 Nxe5 11. exd5 cxd5 12. Nxe5 Bxe5 13. Qe2 Qd6 14. Nd2 O-O 15. Nf3 Bg4 16. h3 Rfe8 17. Be3 Bxf3 18. Qxf3 d4 19. cxd4 Bxd4 20. O-O Bxe3 21. Qxb7 Ra7 22. Bxf7+ Kf8 23. Qb5 Bxf2+ 24. Rxf2 Kxf7 25. Qh5+ Kf8 26. Qxh7 Rae7 27. Raf1 Qd4 28. Kh2 Qd6+ 29. Kg1 Qd4 1/2-1/2

[Event "4NCL Division Two"]
[Site "Daventry, ENG"]
[Date "2024.05.05"]
[EventDate "2024.05.05"]
[Round "10.68"]
[White "Frank, Tena, Dr."]
[WhiteTitle "WFM"]
[WhiteElo "1956"]
[WhiteTeam "SchachAttack"]
[Black "Dicen, Elis Denele"]
[BlackElo "2104"]
[BlackTeam "Warwickshire Select 1"]
[Result "0-1"]

1. d4 d5 2. c4 dxc4 3. e3 e5 4. Bxc4 exd4 5. exd4 Nf6 6. Ne2 Bd6 7. O-O O-O 8. h3 Nc6 9. Bg5 Bf5 10. Nbc3 Be7 11. Bf4 a6 12. a4 Nb4 13. d5 Bc5 14. Rc1 Re8 15. Ng3 Bg6 16. Qd2 Qd7 17. Rfd1 Rad8 18. Bg5 Qd6 19. Kh1 h6 20. Bh4 Rc8 21. Nge2 Ne4 22. Nxe4 Rxe4 23. Bg3 Qd7 24. Bb3 b6 25. a5 Rce8 26. Nf4 Bf5 27. Rc4 Rxc4 28. Bxc4 bxa5 29. Nd3 Nxd3 30. Bxd3 Bxh3 31. gxh3 Qxh3+ 32. Bh2 Bd6 33. f4 Qf3+ 34. Kg1 Bc5+ 0-1

[Event "4NCL Division Two"]
[Site "Daventry, ENG"]
[Date "2024.05.06"]
[EventDate "2024.05.06"]
[Round "11.11"]
[White "Wall, Gavin"]
[WhiteTitle "IM"]
[WhiteElo "2281"]
[WhiteTeam "Gonzaga"]
[Black "McClement, Andrew"]
[BlackElo "2185"]
[BlackTeam "Cambridge University 1"]
[Result "1/2-1/2"]

1. d4 Nf6 2. Bg5 e6 3. e4 h6 4. Bxf6 Qxf6 5. Nc3 Bb4 6. Qd2 d5 7. e5 Qd8 8. Nge2
b6 9. Nf4 O-O 10. a3 Be7 11. Nd1 c5 12. c3 Ba6 13. Bxa6 Nxa6 14. Ne3 Rc8 15. Qe2
Nb8 16. Qg4 Nc6 17. Rd1 cxd4 18. cxd4 Na5 19. h4 Nc4 20. Nxc4 Rxc4 21. Rh3 Kh8 22.
Rg3 Rg8 23. h5 Rc2 24. Nd3 b5 25. Rf3 Rf8 26. Rg3 Rg8 27. Rf3 Rf8 28. Rg3 1/2-1/2

[Event "4NCL Division Two"]
[Site "Daventry, ENG"]
[Date "2024.05.06"]
[EventDate "2024.05.06"]
[Round "11.13"]
[White "Li, Henry"]
[WhiteTitle "FM"]
[WhiteElo "2288"]
[WhiteTeam "Gonzaga"]
[Black "Hill, Alistair"]
[BlackElo "2113"]
[BlackTeam "Cambridge University 1"]
[Result "0-1"]

1. e4 c6 2. c4 d5 3. cxd5 cxd5 4. exd5 Nf6 5. Nc3 Nxd5 6. d4 Nc6 7. Bc4 Nb6 8. Bb5
Bd7 9. Nf3 e6 10. O-O Be7 11. Re1 O-O 12. a3 Nd5 13. Ne4 Nf6 14. Bd3 Nxe4 15. Bxe4
Bf6 16. Bf4 Qb6 17. Be5 Be7 18. Re3 f5 19. Bc2 Nxe5 20. Nxe5 Rad8 21. Rb3 Qc7 22.
Rc1 Bg5 23. Rc3 Qd6 24. Ra1 Bf6 25. f4 Bc6 26. Bb3 Bd5 27. Rd3 Qb6 28. Rc1 Bxe5 29.
fxe5 Rf7 30. Bxd5 Rxd5 31. Qb3 Rc7 32. Rxc7 Qxc7 33. Rc3 Qd7 34. Qc4 h6 35. Qc8+
Kh7 36. Qxd7 Rxd7 37. Rc4 b5 38. Rb4 Rd5 39. a4 a6 40. Kf2 Kg6 41. Ke3 Kf7 42. Rb3
Ke7 43. Rc3 bxa4 44. Rc7+ Rd7 45. Rc6 Rb7 46. d5 exd5 47. Kd4 Rxb2 48. Rxa6 Rd2+
49. Kc5 Rxg2 50. h4 Rd2 51. h5 f4 52. Rxa4 f3 53. Rf4 f2 54. Rf3 Ke6 0-1

[Event "4NCL Division Two"]
[Site "Daventry, ENG"]
[Date "2024.05.06"]
[EventDate "2024.05.06"]
[Round "11.17"]
[White "Putar, Lara"]
[WhiteElo "2082"]
[WhiteTeam "Gonzaga"]
[Black "Starley, Robert"]
[BlackElo "2024"]
[BlackTeam "Cambridge University 1"]
[Result "0-1"]

1. d4 Nf6 2. c4 e6 3. Nf3 d5 4. g3 Be7 5. Bg2 O-O 6. O-O dxc4 7. Qa4 Bd7 8. Qxc4
Bc6 9. Nc3 Nbd7 10. Qd3 Re8 11. Bf4 Bb4 12. Rac1 Nb6 13. Ne5 Bxg2 14. Kxg2 Bxc3 15.
Qxc3 Nbd5 16. Qf3 Nxf4+ 17. Qxf4 c6 18. Rc5 Qe7 19. Rfc1 Red8 20. e3 Nd7 21. Nxd7
Rxd7 22. b4 Rad8 23. h4 h6 24. a3 a6 25. Rh5 f5 26. g4 Qf7 27. Qf3 Qg6 28. Kh3 Rd5
29. g5 f4 30. Qg4 fxe3 31. fxe3 R8d7 32. Rg1 Rf7 33. Rg2 Rdf5 34. Kh2 Kh8 35. Qe2
Rf3 36. gxh6 Qxh5 37. hxg7+ Rxg7 38. Rxg7 Kxg7 0-1

[Event "4NCL Division Two"]
[Site "Daventry, ENG"]
[Date "2024.05.06"]
[EventDate "2024.05.06"]
[Round "11.18"]
[White "Goh, Jinghan Cameron"]
[WhiteElo "1972"]
[WhiteTeam "Cambridge University 1"]
[Black "O'Connor, Eddie"]
[BlackElo "1963"]
[BlackTeam "Gonzaga"]
[Result "1-0"]

1. d4 d5 2. c4 e6 3. Nf3 Be7 4. g3 Nf6 5. Bg2 O-O 6. O-O Nbd7 7. Qc2 c5 8. Rd1 cxd4
9. cxd5 exd5 10. Nxd4 g6 11. Nc3 Nb6 12. Bg5 Bg4 13. a4 a5 14. Qb3 Rc8 15. Bxf6 Bxf6
16. Nxd5 Nxd5 17. Bxd5 Rc7 18. Nb5 Rd7 19. Bc4 Rxd1+ 20. Rxd1 Qe7 21. Rd2 Qb4 22.
Qxb4 axb4 23. b3 Bh3 24. Nc7 h5 25. Nd5 Bg7 26. e4 Kh8 27. f4 Rd8 28. Rd3 Bf8 29.
Ne3 Rxd3 30. Bxd3 Bc5 31. Kf2 Be6 32. Bc2 b6 33. Kf3 Bc8 34. Nc4 Bg4+ 35. Kg2 Be6
36. Ne5 Kg7 37. Nd3 Be7 38. Kf3 Bc8 39. Nc1 Bc5 40. Nd3 Bg4+ 41. Kg2 Be7 42. h3 Bc8
43. Bd1 Ba6 44. Nc1 Bc8 45. Be2 Bb7 46. Bf3 Ba6 47. e5 Bc5 48. Be4 Be3 49. Nd3 Bxd3
50. Bxd3 Bd4 51. Kf3 Kf8 52. Ke4 Bf2 53. g4 h4 54. Kd5 Ke7 55. f5 g5 56. f6+ Kf8
57. e6 fxe6+ 58. Kxe6 Bd4 59. Bc4 Bc3 60. f7 Bd4 61. Kd5 Be3 62. Kc6 Ke7 63. Kb5
Bf2 64. Kxb4 1-0

[Event "4NCL Division Two"]
[Site "Daventry, ENG"]
[Date "2024.05.06"]
[EventDate "2024.05.06"]
[Round "11.21"]
[White "Taylor, Martin R"]
[WhiteTitle "FM"]
[WhiteElo "2365"]
[WhiteTeam "Barbican 4NCL"]
[Black "Taylor, Adam A"]
[BlackElo "2272"]
[BlackTeam "SchachAttack"]
[Result "1/2-1/2"]

1. d4 Nf6 2. c4 e6 3. Nc3 Bb4 4. Qc2 O-O 5. a3 Bxc3+ 6. Qxc3 d6 7. f3 c5 8. dxc5
dxc5 9. Bg5 Nc6 10. e3 e5 11. Ne2 h6 12. Rd1 Qe7 13. Bxf6 Qxf6 14. Ng3 Qe7 15. Bd3
f5 16. O-O Be6 17. Bc2 Qc7 18. Rd2 g6 19. Rfd1 Rad8 20. Ne2 Rxd2 21. Rxd2 Rd8 22.
Rxd8+ Qxd8 23. Ba4 Qd6 24. Bxc6 Qxc6 25. b3 Qd6 26. Nc1 e4 27. fxe4 fxe4 28. Qf6
Qd1+ 29. Kf2 Bf7 30. Qc3 a6 31. a4 h5 32. Ne2 h4 33. h3 Qd6 34. Ke1 g5 35. Qd2 Qxd2+
36. Kxd2 Bg6 37. a5 Kf7 38. Nc3 Ke6 39. Nd1 Kd6 40. Kc3 b6 41. axb6 Kc6 42. Kb2 Kxb6
43. Nf2 1/2-1/2

[Event "4NCL Division Two"]
[Site "Daventry, ENG"]
[Date "2024.05.06"]
[EventDate "2024.05.06"]
[Round "11.22"]
[White "Wilks, Simon"]
[WhiteElo "2060"]
[WhiteTeam "SchachAttack"]
[Black "Merry, Alan B"]
[BlackTitle "IM"]
[BlackElo "2438"]
[BlackTeam "Barbican 4NCL"]
[Result "1/2-1/2"]

1. e4 c6 2. d4 d5 3. Nc3 dxe4 4. Nxe4 Bf5 5. Ng3 Bg6 6. h4 h6 7. Nf3 Nd7 8. h5 Bh7
9. Bd3 Ngf6 10. Bxh7 Nxh7 11. Qd3 e6 12. Bd2 Ndf6 13. O-O-O Be7 14. Kb1 O-O 15. Ne4
Nxe4 16. Qxe4 Qd5 17. Qe2 c5 18. dxc5 Qxc5 19. Ne5 Rfd8 20. f4 Nf6 21. g4 Rac8 22.
Bc1 Qb4 23. c4 Nh7 24. Rhg1 Qc5 25. Be3 Qc7 26. b3 Bc5 27. Qf2 b6 28. Bxc5 bxc5 29.
Qe3 f6 30. Nd3 Rd6 31. Nf2 Rcd8 32. Rxd6 Rxd6 33. Ne4 Rd4 34. g5 Qc6 35. Re1 hxg5
36. fxg5 f5 37. Nxc5 Qxc5 38. Qxe6+ Kh8 39. h6 Re4 40. hxg7+ Kxg7 41. Qh6+ Kg8 42.
Rh1 Qe7 43. Qg6+ Kh8 44. Qxf5 Re5 45. Qf6+ Qxf6 46. gxf6 Rf5 47. Re1 Nxf6 48. Re7
a5 49. Kb2 Kg8 50. Rb7 Kf8 51. Ka3 Ne4 52. Rb5 Rf2 53. Rxa5 Nc3 54. Kb4 Nxa2+ 55.
Kb5 Ke7 56. Ra7+ Kd8 57. c5 Rb2 58. Kc4 Kc8 59. Rh7 Kb8 60. Rg7 Rh2 61. Kb5 Nc3+
62. Kc4 Ne4 63. b4 Nf6 64. Kb5 Rb2 65. c6 Rc2 66. Rf7 Nd5 67. Rd7 Nc7+ 68. Kb6 Na8+
69. Kb5 Kc8 70. Rh7 Nc7+ 71. Kb6 Nd5+ 72. Kb5 Nc7+ 1/2-1/2

[Event "4NCL Division Two"]
[Site "Daventry, ENG"]
[Date "2024.05.06"]
[EventDate "2024.05.06"]
[Round "11.23"]
[White "Pigott, John C"]
[WhiteTitle "IM"]
[WhiteElo "2298"]
[WhiteTeam "Barbican 4NCL"]
[Black "Nicholas, Koichi B"]
[BlackElo "2145"]
[BlackTeam "SchachAttack"]
[Result "1/2-1/2"]

1. e4 e5 2. Nf3 Nc6 3. Bb5 a6 4. Ba4 Nf6 5. d3 Bd6 6. c3 O-O 7. Nbd2 b5 8. Bc2 Re8
9. d4 exd4 10. cxd4 Bb4 11. O-O Bxd2 12. Qxd2 Nxe4 13. Qf4 d5 14. Re1 f5 15. Be3
Be6 16. Rac1 g5 17. Nxg5 Qxg5 18. Bxe4 Qxf4 19. Bxf4 Nxd4 20. Bd3 Bd7 21. Be5 Nc6
22. Bxc7 Nb4 23. Bb1 Rac8 24. Bd6 Rxc1 25. Rxc1 Nc6 26. Kf1 Kf7 27. f3 Kf6 28. a3
Rc8 29. Kf2 Be6 30. Ke3 Na5 31. Rxc8 Bxc8 32. Kf4 Nc4 33. Bc5 h5 34. Bd4+ Kg6 35.
g4 hxg4 36. fxg4 Nd6 37. h4 Ne4 38. gxf5+ Kh5 39. Bxe4 dxe4 40. f6 Be6 41. Kxe4 Kxh4
42. Ke5 Bc4 43. Kd6 Kg5 44. Kc5 Kg6 45. Kb6 Kf7 46. b4 Bb3 47. Kxa6 Ba4 48. Kb6 Ke6
49. Kc6 Kf7 50. Kd6 Bb3 51. Ke5 Ba4 52. Kd6 Ke7+ 1/2-1/2

[Event "4NCL Division Two"]
[Site "Daventry, ENG"]
[Date "2024.05.06"]
[EventDate "2024.05.06"]
[Round "11.24"]
[White "Shepherd, Tom"]
[WhiteElo "2088"]
[WhiteTeam "SchachAttack"]
[Black "Rogers, Jonathan W"]
[BlackTitle "FM"]
[BlackElo "2332"]
[BlackTeam "Barbican 4NCL"]
[Result "1/2-1/2"]

1. d4 d5 2. c4 e5 3. cxd5 Qxd5 4. Nc3 Qxd4 5. Qxd4 exd4 6. Nb5 Na6 7. Nxd4 Nf6 8.
a3 Nc5 9. Ngf3 a5 10. e3 c6 11. Bc4 Bd6 12. O-O O-O 13. Rd1 Bc7 14. Bd2 Nfe4 15.
Be1 Nd6 16. Be2 Bg4 17. h3 Bh5 18. Rac1 Nce4 19. g4 Bg6 20. Ne5 Rfe8 21. Nxg6 hxg6
22. Kg2 Bb6 23. b4 axb4 24. axb4 Ra2 25. Rc2 Rea8 26. Rdc1 Bxd4 27. exd4 Rxc2 28.
Rxc2 Ra1 29. f3 Rxe1 30. fxe4 Nxe4 31. Bf3 f5 32. b5 cxb5 33. Rc7 Rb1 34. Bxe4 fxe4
35. Rxb7 Rd1 36. Rxb5 Rxd4 37. Kg3 Rd3+ 38. Kf4 Rxh3 39. Kxe4 Kh7 40. g5 Rh1 41.
Kf4 Rf1+ 42. Kg4 Rg1+ 1/2-1/2

[Event "4NCL Division Two"]
[Site "Daventry, ENG"]
[Date "2024.05.06"]
[EventDate "2024.05.06"]
[Round "11.27"]
[White "Brett, Andrew R"]
[WhiteElo "2064"]
[WhiteTeam "Barbican 4NCL"]
[Black "Handley, Michael R"]
[BlackElo "2106"]
[BlackTeam "SchachAttack"]
[Result "1/2-1/2"]

1. d4 Nf6 2. c4 g6 3. Nc3 d5 4. cxd5 Nxd5 5. e4 Nxc3 6. bxc3 Bg7 7. Nf3 c5 8. Bb5+
Nc6 9. O-O O-O 10. d5 Na5 11. Be3 a6 12. Be2 Qc7 13. Qd2 b5 14. Bh6 Bg4 15. Bxg7
Kxg7 16. Rad1 Bxf3 17. Bxf3 Nc4 18. Qc2 e5 19. dxe6 fxe6 20. Be2 Nb6 21. Qd2 Rad8
22. Qe3 e5 23. g3 Na4 24. h4 Rxd1 25. Rxd1 Rd8 26. h5 Rxd1+ 27. Bxd1 Nb2 28. Bg4
Qd6 29. Be2 Nc4 30. h6+ Kf7 31. Qf3+ Ke7 32. Bxc4 1/2-1/2

[Event "4NCL Division Two"]
[Site "Daventry, ENG"]
[Date "2024.05.06"]
[EventDate "2024.05.06"]
[Round "11.31"]
[White "Graham, David B"]
[WhiteElo "2233"]
[WhiteTeam "Sussex Martlets 1"]
[Black "Larkin, Vladyslav"]
[BlackTitle "IM"]
[BlackElo "2446"]
[BlackTeam "CSC/Kingston 1"]
[Result "0-1"]

1. e4 d6 2. d4 Nf6 3. Nc3 c6 4. a4 g6 5. Nf3 Bg7 6. g3 O-O 7. Bg2 a5 8. O-O Na6 9.
Re1 Nb4 10. Bg5 h6 11. Bf4 Bg4 12. h3 Bxf3 13. Bxf3 Nd7 14. Ne2 e5 15. Be3 exd4 16.
Bxd4 Bxd4 17. Nxd4 Qf6 18. c3 Na6 19. Bg2 Nac5 20. Qc2 Rfe8 21. Rad1 h5 22. Nf3 Ne5
23. Nxe5 dxe5 24. Bf1 h4 25. Kg2 Qe6 26. b4 axb4 27. cxb4 Nxa4 28. Bc4 Qe7 29. Bb3
Nb6 30. Qc5 Nd7 31. Qd6 Nf6 32. Re3 Kg7 33. Bc4 Qxd6 34. Rxd6 Re7 35. b5 Ra4 36.
Bb3 Rd4 37. Rd3 Rxd6 38. Rxd6 Nxe4 39. Rd8 cxb5 40. Rd5 hxg3 41. fxg3 Nc3 42. Rc5
b4 43. Rc4 e4 44. Rxb4 e3 45. Kf1 e2+ 46. Ke1 Rd7 0-1

[Event "4NCL Division Two"]
[Site "Daventry, ENG"]
[Date "2024.05.06"]
[EventDate "2024.05.06"]
[Round "11.32"]
[White "Maycock Bates, David Henry"]
[WhiteTitle "CM"]
[WhiteElo "2266"]
[WhiteTeam "CSC/Kingston 1"]
[Black "Grant, David J"]
[BlackElo "2184"]
[BlackTeam "Sussex Martlets 1"]
[Result "1-0"]

1. e4 c5 2. Nf3 d6 3. d4 Nf6 4. Nc3 cxd4 5. Nxd4 g6 6. Be3 Bg7 7. f3 Nc6 8. Bc4 O-O
9. Qd2 Bd7 10. O-O-O Rb8 11. h4 b5 12. Bb3 Na5 13. h5 Nc4 14. Bxc4 bxc4 15. Bh6 Qb6
16. b3 cxb3 17. cxb3 Bxh6 18. Qxh6 Rbc8 19. Kb2 Qc5 20. Rd3 e6 21. g4 Rc7 22. e5
Qxe5 23. hxg6 fxg6 24. f4 Qa5 25. g5 Nh5 26. Rxh5 gxh5 27. g6 Bc8 28. gxh7+ Rxh7
29. Rg3+ 1-0

[Event "4NCL Division Two"]
[Site "Daventry, ENG"]
[Date "2024.05.06"]
[EventDate "2024.05.06"]
[Round "11.33"]
[White "Brewer, Callum D"]
[WhiteElo "2155"]
[WhiteTeam "Sussex Martlets 1"]
[Black "Bezuidenhout, Roland"]
[BlackTitle "FM"]
[BlackElo "2273"]
[BlackTeam "CSC/Kingston 1"]
[Result "1/2-1/2"]

1. e4 c5 2. Nf3 Nc6 3. Bb5 Nf6 4. Nc3 g6 5. e5 Ng4 6. Bxc6 dxc6 7. h3 Nh6 8. Ne4
b6 9. a4 a5 10. O-O Bg7 11. d3 O-O 12. Re1 Nf5 13. Bf4 Nd4 14. Nxd4 cxd4 15. Qd2
c5 16. Bh6 Bb7 17. Qf4 Qd5 18. Bxg7 Kxg7 19. b3 Rac8 20. Qg3 Rc6 21. f4 f6 22. exf6+
exf6 23. Re2 Re6 24. f5 Ree8 25. Rae1 Qd8 26. Nd6 Rxe2 27. Rxe2 Bc8 28. fxg6 hxg6
29. Nxc8 Qxc8 30. Qd6 Re8 31. Re7+ Rxe7 32. Qxe7+ Kg8 33. Qxf6 Qe8 34. h4 Kh7 35.
Kh2 Qe2 36. Qf7+ Kh6 37. Qf6 Kh7 38. Qf7+ Kh6 39. Qf8+ Kh7 40. Qf7+ 1/2-1/2

[Event "4NCL Division Two"]
[Site "Daventry, ENG"]
[Date "2024.05.06"]
[EventDate "2024.05.06"]
[Round "11.37"]
[White "Willson, Ollie"]
[WhiteElo "2151"]
[WhiteTeam "Sussex Martlets 1"]
[Black "Farrand, Tom"]
[BlackElo "2079"]
[BlackTeam "CSC/Kingston 1"]
[Result "1/2-1/2"]

1. d4 Nf6 2. c4 c5 3. d5 e6 4. Nc3 exd5 5. cxd5 d6 6. Nf3 g6 7. Bf4 Bg7 8. e3 O-O
9. Be2 Bg4 10. O-O Bxf3 11. Bxf3 a6 12. a4 Qc7 13. e4 Nbd7 14. Re1 Rfe8 15. Qc2 Ne5
16. Be2 Rac8 17. h3 h6 18. Bh2 c4 19. Kh1 g5 20. Bg1 Ng6 21. a5 h5 22. Ra4 g4 23.
Bh2 Qd7 24. Rxc4 gxh3 25. g3 Rxc4 26. Bxc4 Ne5 27. Be2 Nfg4 28. f3 Nxh2 29. Kxh2
h4 30. Rg1 Ng6 31. gxh4 Qe7 32. Bf1 Qxh4 33. Rg4 Qf6 34. Qf2 Ne5 35. Rg3 Qf4 36.
Kh1 Ng6 37. Rg4 Qc1 38. f4 Bxc3 39. bxc3 Rxe4 40. Qg1 Rxf4 41. Rxg6+ fxg6 1/2-1/2

[Event "4NCL Division Two"]
[Site "Daventry, ENG"]
[Date "2024.05.06"]
[EventDate "2024.05.06"]
[Round "11.41"]
[White "Bowcott-Terry, Finlay"]
[WhiteElo "2313"]
[WhiteTeam "Warwickshire Select 1"]
[Black "Atako, Chino C"]
[BlackElo "2146"]
[BlackTeam "Cambridge University 2"]
[Result "1-0"]

1. e4 e6 2. d4 d5 3. Nc3 Bb4 4. e5 c5 5. a3 Bxc3+ 6. bxc3 Qa5 7. Bd2 Qa4 8. Qb1 c4
9. h4 Nc6 10. h5 h6 11. Ne2 Nge7 12. g4 b6 13. Rh3 Bd7 14. Rf3 Rf8 15. g5 hxg5 16.
Bxg5 O-O-O 17. Bh3 Rde8 18. Kd1 Rh8 19. Ng3 Nf5 20. Bxf5 exf5 21. Qc1 Qa5 22. Qf4
Re6 23. Qd2 f6 24. exf6 gxf6 25. Be3 Re4 26. Rf4 Rxf4 27. Bxf4 Be8 28. h6 Ne7 29.
Bd6 Ng6 30. Nxf5 Qb5 31. Bg3 Qd7 32. Nd6+ Kd8 33. Kc1 Qh3 34. Kb2 Qxh6 35. Qe2 Qh3
36. Re1 Qd7 37. Qf3 Ne7 38. Qxf6 1-0